000 00459nam a2200181Ia 4500
001 1657
005 20260306143744.0
008 260306t1987||||xx |||||||||||||| ||spa||
041 _aESP
082 _a153.9
_bS79
100 _aSternberg, Robert J.
_eAUT
245 0 _aInteligencia humana II:
_bcognición, personalidad e inteligencia
260 _c1987
300 _a774 páginas :
_c22 cm.
650 _aGEN
654 _aCPS
942 _cLIB
_dJUS
_fJUS
_2ddc
_n
999 _c1657
_d1657